[Event "Lugano New op 3rd"]
[Site "Lugano"]
[Date "2009.05.03"]
[Round "6"]
[White "Charriere, Loic"]
[Black "Wehli, Luc"]
[Result "1/2-1/2"]
[WhiteElo "1668"]
[BlackElo "1691"]
[PlyCount "36"]
[EventDate "2009.04.30"]
[EventType "swiss"]
[EventRounds "6"]
[EventCountry "SUI"]
[SourceTitle "EXT 2011"]
[Source "ChessBase"]
[SourceDate "2010.11.26"]
[SourceVersion "1"]
[SourceVersionDate "2010.11.26"]
[SourceQuality "1"]

1. e4 e6 2. d4 d5 3. exd5 exd5 4. Nf3 Be7 5. Ne5 Nf6 6. Bd3 c5 7. c3 Nc6 8. Bb5 Qb6 9. Qa4 Bd7 10. Nxd7 Nxd7 11. Bxc6 bxc6 12. 0-0 0-0 13. b3 cxd4 14. Qxd4 Qxd4 15. cxd4 Rfe8 16. Nd2 Bb4 17. Nf3 Re6 18. Bd2 Bxd2 1/2-1/2